[Event "WchT Seniors 65"]
[Site "Dresden"]
[Date "2018.07.13"]
[Round "7.7"]
[White "Renman, Nils Gustaf"]
[Black "Espig, Lutz"]
[Result "1-0"]
[WhiteElo "2343"]
[BlackElo "2258"]
[PlyCount "67"]
[EventDate "2018.07.07"]
[EventType "team-swiss"]
[EventRounds "9"]
[EventCountry "GER"]
[SourceTitle "CBM 185 Extra"]
[Source "ChessBase"]
[SourceDate "2018.07.29"]
[SourceVersion "1"]
[SourceVersionDate "2018.07.29"]
[SourceQuality "1"]
[WhiteTeam "Sweden"]
[BlackTeam "Greiz/Vogtland"]
[WhiteTeamCountry "SWE"]
[BlackTeamCountry "GER"]

1. d4 Nf6 2. c4 d6 3. Nf3 g6 4. Nc3 Nbd7 5. e4 e5 6. Be2 Bg7 7. 0-0 0-0 8. Qc2 c6 9. Rd1 Qc7 10. Be3 Ng4 11. Bg5 f6 12. Bh4 Nh6 13. b4 f5 14. Be7 Re8 15. dxe5 dxe5 16. Bd6 Qd8 17. c5 Qf6 18. Bc4+ Kh8 19. Qb3 Bf8 20. h4 a5 21. Ng5 axb4 22. Qxb4 Nb8 23. f3 Be7 24. Na4 Na6 25. Qc3 Bxd6 26. Rxd6 Qg7 27. Rad1 fxe4 28. Nb6 Rb8 29. Nxc8 Rbxc8 30. Be6 Rc7 31. Rd8 Qf8 32. Qxe5+ Rg7 33. Rxe8 Qxe8 34. Qf6 1-0

[Event "BL2-Ost 1617"]
[Site "Germany"]
[Date "2016.10.14"]
[Round "6.3"]
[White "Espig, Lutz"]
[Black "Gasthofer, Alexander"]
[Result "1/2-1/2"]
[WhiteElo "2264"]
[BlackElo "2437"]
[PlyCount "98"]
[EventDate "2016.10.14"]
[EventType "team-tourn"]
[EventRounds "10"]
[EventCountry "GER"]
[SourceTitle "CBM 177 Extra"]
[Source "ChessBase"]
[SourceDate "2017.04.27"]
[SourceVersion "1"]
[SourceVersionDate "2017.04.27"]
[SourceQuality "1"]
[WhiteTeam "Koenig Plauen"]
[BlackTeam "Bad Mergentheim"]
[WhiteTeamCountry "GER"]
[BlackTeamCountry "GER"]

1. Nf3 d5 2. g3 Nc6 3. d4 Bg4 4. Bg2 e6 5. 0-0 Bd6 6. c4 Nf6 7. b3 0-0 8. Bb2 Ne4 9. Nc3 Nxc3 10. Bxc3 Re8 11. Qd2 Be7 12. Qb2 a5 13. Rfe1 Bb4 14. Rad1 Qe7 15. e4 dxc4 16. d5 Bxc3 17. Qxc3 Qb4 18. Qxb4 Nxb4 19. bxc4 Nxa2 20. Rd2 Nb4 21. Ne5 Bh5 22. g4 exd5 23. gxh5 Rxe5 24. f4 Re6 25. cxd5 Rb6 26. e5 Kf8 27. Bf1 a4 28. Bc4 a3 29. d6 a2 30. dxc7 a1Q 31. Rxa1 Rxa1+ 32. Kg2 Rc6 33. Bb5 Ra8 34. Rd8+ Ke7 35. Bxc6 Rxd8 36. cxd8Q+ Kxd8 37. Bxb7 h6 38. Kf3 Nd3 39. Bd5 Ke7 40. Ke4 Nc5+ 41. Kf5 Nd3 42. Bc4 Nf2 43. Be2 Kf8 44. e6 fxe6+ 45. Ke5 Kf7 46. Kd4 Nh3 47. Ke3 g5 48. hxg6+ Kxg6 49. Bg4 Nxf4 1/2-1/2

[Event "WchT Seniors 50"]
[Site "Radebeul"]
[Date "2016.07.04"]
[Round "9.2"]
[White "Espig, Lutz"]
[Black "Tischbierek, Raj"]
[Result "0-1"]
[WhiteElo "2263"]
[BlackElo "2439"]
[PlyCount "46"]
[EventDate "2016.06.26"]
[EventType "team-swiss"]
[EventRounds "9"]
[EventCountry "GER"]
[SourceTitle "CBM 173 Extra"]
[Source "ChessBase"]
[SourceDate "2016.08.29"]
[SourceVersion "1"]
[SourceVersionDate "2016.08.29"]
[SourceQuality "1"]
[WhiteTeam "Thueringen"]
[BlackTeam "Germany"]
[WhiteTeamCountry "GER"]
[BlackTeamCountry "GER"]

1. Nf3 d5 2. g3 g6 3. Bg2 Bg7 4. d4 Nf6 5. 0-0 0-0 6. c4 dxc4 7. Na3 c3 8. bxc3 c5 9. e3 Nc6 10. Qe2 Qa5 11. Bb2 Ne4 12. Rfc1 Be6 13. Ne1 f5 14. Nd3 b6 15. Nf4 Bf7 16. d5 Ne5 17. c4 g5 18. Ne6 Bxe6 19. dxe6 Nd3 20. Qxd3 Bxb2 21. Nb5 Rad8 22. Qb3 Bxc1 23. Rxc1 Rd2 0-1

[Event "WchT Seniors 50"]
[Site "Radebeul"]
[Date "2016.06.30"]
[Round "5.4"]
[White "Espig, Lutz"]
[Black "Page, Mark"]
[Result "1/2-1/2"]
[WhiteElo "2263"]
[BlackElo "2080"]
[PlyCount "41"]
[EventDate "2016.06.26"]
[EventType "team-swiss"]
[EventRounds "9"]
[EventCountry "GER"]
[SourceTitle "CBM 173 Extra"]
[Source "ChessBase"]
[SourceDate "2016.08.29"]
[SourceVersion "1"]
[SourceVersionDate "2016.08.29"]
[SourceQuality "1"]
[WhiteTeam "Thueringen"]
[BlackTeam "England II"]
[WhiteTeamCountry "GER"]
[BlackTeamCountry "ENG"]

1. Nf3 Nf6 2. c4 g6 3. b4 Bg7 4. Bb2 0-0 5. e3 d6 6. Be2 c5 7. a3 b6 8. 0-0 Bb7 9. Nc3 e5 10. d3 Nc6 11. Qb3 Rb8 12. Nd2 Ne7 13. Bf3 Bxf3 14. Nxf3 Re8 15. Rad1 Nf5 16. Ne4 Qc7 17. Qa4 Rbd8 18. Nfd2 h6 19. Nxf6+ Bxf6 20. Ne4 Bg7 21. Ng3 1/2-1/2

[Event "WchT Seniors 50"]
[Site "Radebeul"]
[Date "2016.06.27"]
[Round "2.4"]
[White "Espig, Lutz"]
[Black "Kainz, Josef"]
[Result "1-0"]
[WhiteElo "2263"]
[BlackElo "1877"]
[PlyCount "51"]
[EventDate "2016.06.26"]
[EventType "team-swiss"]
[EventRounds "9"]
[EventCountry "GER"]
[SourceTitle "CBM 173 Extra"]
[Source "ChessBase"]
[SourceDate "2016.08.29"]
[SourceVersion "1"]
[SourceVersionDate "2016.08.29"]
[SourceQuality "1"]
[WhiteTeam "Thueringen"]
[BlackTeam "Graz"]
[WhiteTeamCountry "GER"]
[BlackTeamCountry "AUT"]

1. Nf3 Nf6 2. c4 g6 3. d4 Bg7 4. g3 d5 5. cxd5 Nxd5 6. Bg2 0-0 7. 0-0 c6 8. Nc3 Nd7 9. e4 Nxc3 10. bxc3 c5 11. Qe2 Qa5 12. Bd2 b5 13. Rfb1 Ba6 14. a4 b4 15. Qe1 bxc3 16. Bxc3 Qc7 17. d5 Rab8 18. Bxg7 Kxg7 19. Qc3+ Kg8 20. h4 Nf6 21. Nd2 c4 22. d6 Qc5 23. e5 Ng4 24. Ne4 Qxe5 25. Qxe5 Nxe5 26. dxe7 1-0

[Event "Oberliga Ost-A 1516"]
[Site "Germany"]
[Date "2015.11.15"]
[Round "4.3"]
[White "Espig, Lutz"]
[Black "Engelmann, Jakob"]
[Result "1-0"]
[WhiteElo "2281"]
[BlackElo "2256"]
[PlyCount "53"]
[EventDate "2015.09.20"]
[EventType "team-tourn"]
[EventRounds "11"]
[EventCountry "GER"]
[SourceTitle "EXT 2017"]
[Source "ChessBase"]
[SourceDate "2016.10.25"]
[SourceVersion "1"]
[SourceVersionDate "2016.10.25"]
[SourceQuality "1"]
[WhiteTeam "Plauen Koenig"]
[BlackTeam "Sangerhausen"]
[WhiteTeamCountry "GER"]
[BlackTeamCountry "GER"]

1. d4 d5 2. c4 c6 3. cxd5 cxd5 4. Nc3 Nf6 5. Nf3 a6 6. Bf4 e6 7. e3 Be7 8. Bd3 0-0 9. Ne5 b5 10. Rc1 Bb7 11. 0-0 Nbd7 12. Nxd7 Qxd7 13. Nxb5 Rfc8 14. Nc3 Bc6 15. Qe2 Qb7 16. Rc2 h6 17. Rfc1 Ne8 18. Nb1 Nd6 19. Nd2 a5 20. Nb3 Ne4 21. f3 Nd6 22. Qe1 Bb5 23. Rxc8+ Rxc8 24. Rxc8+ Nxc8 25. Bxb5 Qxb5 26. Qxa5 Qd3 27. Qd2 1-0

[Event "Oberliga Ost-A 1415"]
[Site "Germany"]
[Date "2015.04.12"]
[Round "11.4"]
[White "Glinzer, Christoph"]
[Black "Espig, Lutz"]
[Result "0-1"]
[WhiteElo "2096"]
[BlackElo "2293"]
[PlyCount "56"]
[EventDate "2014.09.21"]
[EventType "team-tourn"]
[EventRounds "11"]
[EventCountry "GER"]
[SourceTitle "EXT 2016"]
[Source "ChessBase"]
[SourceDate "2015.10.08"]
[SourceVersion "1"]
[SourceVersionDate "2015.10.08"]
[SourceQuality "1"]
[WhiteTeam "Dresden USV TU II"]
[BlackTeam "Plauen Koenig"]
[WhiteTeamCountry "GER"]
[BlackTeamCountry "GER"]

1. e4 c5 2. Nf3 e6 3. d4 cxd4 4. Nxd4 Nf6 5. Nc3 d6 6. Be2 Nc6 7. Be3 Be7 8. 0-0 0-0 9. f4 Bd7 10. g4 Nxd4 11. Bxd4 Bc6 12. Bd3 Nd7 13. g5 e5 14. Be3 exf4 15. Bxf4 Bxg5 16. Bxd6 Be7 17. Bg3 Bf6 18. Nd5 Bxb2 19. Rb1 Be5 20. Qg4 Bxg3 21. Qxg3 Nc5 22. Rf5 Nxd3 23. Qxd3 Qh4 24. Rbf1 Rae8 25. R1f4 Qe1+ 26. Kg2 Re6 27. Rg4 Bxd5 28. Rxd5 f5 0-1

[Event "Oberliga Ost-A 1415"]
[Site "Germany"]
[Date "2015.02.22"]
[Round "8.4"]
[White "Liebert, Heinz"]
[Black "Espig, Lutz"]
[Result "1/2-1/2"]
[WhiteElo "2240"]
[BlackElo "2293"]
[PlyCount "46"]
[EventDate "2014.09.21"]
[EventType "team-tourn"]
[EventRounds "11"]
[EventCountry "GER"]
[SourceTitle "EXT 2016"]
[Source "ChessBase"]
[SourceDate "2015.10.08"]
[SourceVersion "1"]
[SourceVersionDate "2015.10.08"]
[SourceQuality "1"]
[WhiteTeam "Halle Volksbank"]
[BlackTeam "Plauen Koenig"]
[WhiteTeamCountry "GER"]
[BlackTeamCountry "GER"]

1. c4 c5 2. Nf3 Nf6 3. Nc3 d5 4. cxd5 Nxd5 5. g3 Nc6 6. Bg2 Nc7 7. Qa4 Bd7 8. Qe4 f6 9. d4 cxd4 10. Nxd4 e5 11. Nb3 Nb4 12. 0-0 Bc6 13. Qc4 Bxg2 14. Kxg2 Qd7 15. Rd1 Qc6+ 16. Qxc6+ Nxc6 17. Be3 Bb4 18. Ne4 Rd8 19. Rxd8+ Kxd8 20. a3 Be7 21. Rd1+ Kc8 22. Bc5 Rd8 23. Rxd8+ Kxd8 1/2-1/2

[Event "Oberliga Ost-A 1213"]
[Site "Germany"]
[Date "2012.11.11"]
[Round "3.3"]
[White "Melamed, Tatiana"]
[Black "Espig, Lutz"]
[Result "1-0"]
[WhiteElo "2341"]
[BlackElo "2329"]
[PlyCount "35"]
[EventDate "2012.10.14"]
[EventType "team-tourn"]
[EventRounds "11"]
[EventCountry "GER"]
[SourceTitle "EXT 2014"]
[Source "ChessBase"]
[SourceDate "2013.11.20"]
[SourceVersion "1"]
[SourceVersionDate "2013.11.20"]
[SourceQuality "1"]
[WhiteTeam "Magdeburg Aufbau Elbe"]
[BlackTeam "Plauen Koenig"]
[WhiteTeamCountry "GER"]
[BlackTeamCountry "GER"]

1. e4 d6 2. d4 Nf6 3. Nc3 g6 4. f4 Bg7 5. Nf3 c5 6. Bb5+ Bd7 7. Bxd7+ Qxd7 8. d5 0-0 9. 0-0 e6 10. dxe6 Qxe6 11. f5 gxf5 12. Ng5 Qd7 13. Rxf5 Nxe4 14. Qg4 Nxc3 15. bxc3 Nc6 16. Nxh7 f6 17. Nxf8 Rxf8 18. Bh6 1-0

[Event "Nuremberg LGA Cup 9th"]
[Site "Nuremberg"]
[Date "2012.09.09"]
[Round "6"]
[White "Espig, Lutz"]
[Black "Mader, Manuela"]
[Result "1/2-1/2"]
[WhiteElo "2329"]
[BlackElo "2222"]
[PlyCount "64"]
[EventDate "2012.09.06"]
[EventType "swiss"]
[EventRounds "7"]
[EventCountry "GER"]
[SourceTitle "CBM 150 Extra"]
[Source "ChessBase"]
[SourceDate "2012.10.19"]
[SourceVersion "1"]
[SourceVersionDate "2012.10.19"]
[SourceQuality "1"]

1. d4 Nf6 2. g3 g6 3. Bg2 Bg7 4. e4 d6 5. Nc3 0-0 6. Nge2 e5 7. h3 Re8 8. 0-0 Nc6 9. Be3 exd4 10. Nxd4 Nxd4 11. Bxd4 Bd7 12. Re1 Bc6 13. Qd3 Nd7 14. Bxg7 Kxg7 15. f4 Qf6 16. Rad1 Rad8 17. b4 a6 18. a4 Nb6 19. a5 Na4 20. Nxa4 Bxa4 21. Ra1 Bd7 22. Rad1 h5 23. Qd4 Qxd4+ 24. Rxd4 Bc6 25. Red1 Rb8 26. c4 b6 27. Ra1 bxa5 28. Rxa5 Rxb4 29. Rxa6 Bb5 30. Ra7 Rxc4 31. Rxc4 Bxc4 32. Rxc7 Bd3 1/2-1/2

[Event "Nuremberg LGA Cup 9th"]
[Site "Nuremberg"]
[Date "2012.09.08"]
[Round "5"]
[White "Espig, Lutz"]
[Black "Miller, Eduard"]
[Result "1-0"]
[WhiteElo "2329"]
[BlackElo "2147"]
[PlyCount "85"]
[EventDate "2012.09.06"]
[EventType "swiss"]
[EventRounds "7"]
[EventCountry "GER"]
[SourceTitle "CBM 150 Extra"]
[Source "ChessBase"]
[SourceDate "2012.10.19"]
[SourceVersion "1"]
[SourceVersionDate "2012.10.19"]
[SourceQuality "1"]

1. Nf3 g6 2. e4 Bg7 3. d4 c5 4. c4 cxd4 5. Nxd4 Nc6 6. Be3 Nf6 7. Nc3 d6 8. Be2 0-0 9. 0-0 Bd7 10. Rc1 Nxd4 11. Bxd4 Bc6 12. f3 Nd7 13. Be3 a5 14. Qd2 Nc5 15. b3 Qb6 16. Rfd1 Rfc8 17. Nd5 Bxd5 18. cxd5 Qb4 19. Rc2 Qxd2 20. Bxd2 Bd4+ 21. Kf1 e5 22. dxe6 Nxe6 23. Rxc8+ Rxc8 24. Bxa5 Ra8 25. Bb4 Rxa2 26. Bxd6 Rb2 27. Bc4 Be3 28. Rd3 Bb6 29. Be5 Rf2+ 30. Ke1 Rxg2 31. Rd7 Rg1+ 32. Ke2 Rg2+ 33. Kd1 Rg1+ 34. Kc2 Rg2+ 35. Kb1 Bc5 36. Rxb7 Rg1+ 37. Kc2 Rg2+ 38. Kd3 Rf2 39. Rb8+ Nf8 40. f4 Rxh2 41. b4 Rh3+ 42. Kc2 Rh2+ 43. Kb3 1-0

[Event "Nuremberg LGA Cup 9th"]
[Site "Nuremberg"]
[Date "2012.09.07"]
[Round "4"]
[White "Werner, Thomas1111"]
[Black "Espig, Lutz"]
[Result "0-1"]
[WhiteElo "2022"]
[BlackElo "2329"]
[PlyCount "32"]
[EventDate "2012.09.06"]
[EventType "swiss"]
[EventRounds "7"]
[EventCountry "GER"]
[SourceTitle "CBM 150 Extra"]
[Source "ChessBase"]
[SourceDate "2012.10.19"]
[SourceVersion "1"]
[SourceVersionDate "2012.10.19"]
[SourceQuality "1"]

1. d4 Nf6 2. c4 d6 3. Nc3 Nbd7 4. e4 e5 5. Nf3 g6 6. Be2 Bg7 7. 0-0 0-0 8. Re1 c6 9. d5 Nc5 10. Bf1 a5 11. Rb1 cxd5 12. cxd5 Bd7 13. Nd2 Ne8 14. Nc4 b5 15. Nd2 b4 16. Ne2 Nd3 0-1

[Event "Bad Woerishofen op 28th"]
[Site "Bad Woerishofen"]
[Date "2012.03.08"]
[Round "7"]
[White "Espig, Lutz"]
[Black "Santl, Anton"]
[Result "1-0"]
[WhiteElo "2343"]
[BlackElo "2075"]
[PlyCount "55"]
[EventDate "2012.03.02"]
[EventType "swiss"]
[EventRounds "9"]
[EventCountry "GER"]
[SourceTitle "EXT 2019"]
[Source "ChessBase"]
[SourceDate "2018.10.10"]
[SourceVersion "1"]
[SourceVersionDate "2018.10.10"]
[SourceQuality "1"]

1. Nf3 Nf6 2. c4 g6 3. b4 Bg7 4. Bb2 0-0 5. e3 d6 6. Be2 e5 7. d4 Nc6 8. b5 Ne7 9. Nc3 Nd7 10. 0-0 f5 11. Ng5 Nf6 12. dxe5 dxe5 13. c5 Qe8 14. Qb3+ Kh8 15. Bc4 Bd7 16. Nf7+ Rxf7 17. Bxf7 Qf8 18. Rad1 a6 19. a4 axb5 20. axb5 h6 21. Ne2 Bxb5 22. Qxb5 Qxf7 23. Bxe5 Ra2 24. Nc3 Rc2 25. Qxb7 Ng4 26. Bxg7+ Kxg7 27. Rd7 Rxc3 28. Qb2 1-0

[Event "Bad Woerishofen op 28th"]
[Site "Bad Woerishofen"]
[Date "2012.03.05"]
[Round "4"]
[White "Andreev, Eduard"]
[Black "Espig, Lutz"]
[Result "1-0"]
[WhiteElo "2478"]
[BlackElo "2343"]
[PlyCount "65"]
[EventDate "2012.03.02"]
[EventType "swiss"]
[EventRounds "9"]
[EventCountry "GER"]
[SourceTitle "EXT 2019"]
[Source "ChessBase"]
[SourceDate "2018.10.10"]
[SourceVersion "1"]
[SourceVersionDate "2018.10.10"]
[SourceQuality "1"]

1. e4 c5 2. Nf3 e6 3. d4 cxd4 4. Nxd4 a6 5. Nc3 Qc7 6. Bd3 Nc6 7. Nxc6 bxc6 8. Qe2 Nf6 9. e5 Nd5 10. Nxd5 cxd5 11. 0-0 d6 12. Bf4 Bb7 13. Rae1 Qd7 14. Bg3 Be7 15. f4 dxe5 16. fxe5 g6 17. Bf4 Bc6 18. Bh6 Bb5 19. Kh1 Bf8 20. Qd2 Qe7 21. Bg5 Qd7 22. Bf6 Rg8 23. b3 Be7 24. Qh6 Bxf6 25. Rxf6 0-0-0 26. Bxb5 axb5 27. Qxh7 Rdf8 28. Qh4 g5 29. Qb4 g4 30. c4 d4 31. Rf4 d3 32. Qc5+ Kb7 33. Rd4 1-0

[Event "Bad Woerishofen op 28th"]
[Site "Bad Woerishofen"]
[Date "2012.03.02"]
[Round "1"]
[White "Espig, Lutz"]
[Black "Spanton, Timothy"]
[Result "1/2-1/2"]
[WhiteElo "2343"]
[BlackElo "1968"]
[PlyCount "54"]
[EventDate "2012.03.02"]
[EventType "swiss"]
[EventRounds "9"]
[EventCountry "GER"]
[SourceTitle "EXT 2019"]
[Source "ChessBase"]
[SourceDate "2018.10.10"]
[SourceVersion "1"]
[SourceVersionDate "2018.10.10"]
[SourceQuality "1"]

1. Nf3 Nc6 2. d4 d5 3. Bf4 Bg4 4. e3 e6 5. c4 Bd6 6. Bg3 Nf6 7. Nc3 0-0 8. cxd5 exd5 9. Bb5 Ne7 10. Bh4 Ne4 11. Nxd5 g5 12. Bxg5 Bxf3 13. gxf3 Nxg5 14. Nf6+ Kh8 15. f4 Bb4+ 16. Kf1 Nd5 17. fxg5 Nxf6 18. Qd3 Qd5 19. Rg1 Rg8 20. gxf6 Rxg1+ 21. Kxg1 Rg8+ 22. Kf1 Qg2+ 23. Ke2 Qg4+ 24. Kf1 Qh3+ 25. Ke2 Qg4+ 26. Kf1 Qh3+ 27. Ke2 Qg4+ 1/2-1/2

[Event "BL2-Ost 1112"]
[Site "Germany"]
[Date "2012.01.15"]
[Round "5.3"]
[White "Prohaszka, Peter"]
[Black "Espig, Lutz"]
[Result "1-0"]
[WhiteElo "2553"]
[BlackElo "2346"]
[PlyCount "58"]
[EventDate "2011.10.02"]
[EventType "team-tourn"]
[EventRounds "9"]
[EventCountry "GER"]
[SourceTitle "EXT 2015"]
[Source "ChessBase"]
[SourceDate "2014.11.20"]
[SourceVersion "1"]
[SourceVersionDate "2014.11.20"]
[SourceQuality "1"]
[WhiteTeam "Aue Nickelhuette"]
[BlackTeam "Plauen Koenig"]
[WhiteTeamCountry "GER"]
[BlackTeamCountry "GER"]

1. d4 Nf6 2. c4 d6 3. Nf3 Nbd7 4. Nc3 g6 5. g3 Bg7 6. Bg2 0-0 7. 0-0 e5 8. e4 c6 9. h3 Re8 10. Be3 exd4 11. Nxd4 Nc5 12. Qc2 a5 13. Rad1 Qe7 14. Rfe1 Be6 15. b3 Rad8 16. f4 Bc8 17. Bf2 Qc7 18. Re2 Nh5 19. Red2 f5 20. exf5 gxf5 21. a3 Bf6 22. b4 axb4 23. axb4 Na6 24. b5 Nb4 25. Qb1 c5 26. Nd5 Nxd5 27. Bxd5+ Kh8 28. Nxf5 Bxf5 29. Qxf5 Qa5 1-0

[Event "Nuremberg LGA Cup 8th"]
[Site "Nuremberg"]
[Date "2011.09.10"]
[Round "5"]
[White "Ftacnik, Lubomir"]
[Black "Espig, Lutz"]
[Result "1/2-1/2"]
[WhiteElo "2564"]
[BlackElo "2285"]
[PlyCount "95"]
[EventDate "2011.09.08"]
[EventType "swiss"]
[EventRounds "7"]
[EventCountry "GER"]
[SourceTitle "CBM 144 Extra"]
[Source "ChessBase"]
[SourceDate "2011.10.28"]
[SourceVersion "1"]
[SourceVersionDate "2011.10.28"]
[SourceQuality "1"]

1. d4 Nf6 2. Nf3 d6 3. c4 Nbd7 4. Nc3 g6 5. g3 Bg7 6. Bg2 0-0 7. 0-0 e5 8. h3 c6 9. e4 Re8 10. Be3 exd4 11. Nxd4 Nc5 12. Qc2 a5 13. Rad1 Qe7 14. Rfe1 Be6 15. b3 Rad8 16. f4 Bc8 17. Bf2 h5 18. a3 Qc7 19. b4 axb4 20. axb4 Ne6 21. Nf3 Nf8 22. Na4 N8d7 23. Ng5 Nh7 24. h4 b6 25. Nc3 Ndf6 26. b5 Bb7 27. bxc6 Bxc6 28. Qb1 Rb8 29. Bd4 Ng4 30. Bxg7 Kxg7 31. Qd3 Ba8 32. Qd4+ Kg8 33. Nb5 Qc5 34. Nxd6 Re7 35. Qxc5 bxc5 36. Rb1 Rd8 37. e5 Bxg2 38. Kxg2 f6 39. Nxh7 Kxh7 40. Rb7 Rxb7 41. Nxb7 Rd2+ 42. Kf3 Rd3+ 43. Ke2 Re3+ 44. Kd2 Rxe1 45. Kxe1 fxe5 46. Nxc5 exf4 47. gxf4 Ne3 48. Ne6 1/2-1/2

[Event "BL2-Ost 1011"]
[Site "Germany"]
[Date "2011.04.10"]
[Round "9.2"]
[White "Espig, Lutz"]
[Black "Cech, Pavel"]
[Result "1/2-1/2"]
[WhiteElo "2365"]
[BlackElo "2410"]
[PlyCount "57"]
[EventDate "2010.10.10"]
[EventType "team-tourn"]
[EventRounds "9"]
[EventCountry "GER"]
[SourceTitle "EXT 2012"]
[Source "ChessBase"]
[SourceDate "2011.11.24"]
[SourceVersion "1"]
[SourceVersionDate "2011.11.24"]
[SourceQuality "1"]
[WhiteTeam "Koenig Plauen"]
[BlackTeam "Bindlach"]
[WhiteTeamCountry "GER"]
[BlackTeamCountry "GER"]

1. Nf3 d5 2. g3 Nf6 3. Bg2 Bf5 4. d3 e6 5. b3 h6 6. Bb2 Be7 7. 0-0 0-0 8. a3 c5 9. c4 Nc6 10. cxd5 exd5 11. d4 Ne4 12. dxc5 Bxc5 13. b4 Bb6 14. Nc3 Nxc3 15. Bxc3 d4 16. Bb2 a6 17. Qd2 Qd7 18. Rfd1 Rad8 19. Rac1 Rfe8 20. Ba1 Bh3 21. Qb2 Bxg2 22. Kxg2 Qd5 23. Rd2 Ne5 24. Qa2 Qe4 25. Qb1 Qxb1 26. Rxb1 Nc4 27. Ra2 d3 28. exd3 Rxd3 29. a4 1/2-1/2